Statistics for Historical Timeline of Bosnia

Click here to take the quiz!

General Stats

  • This quiz has been taken 162 times
  • The average score is 9 of 12

Answer Stats

YearHintAnswer% Correct
1377Kingdom of B_____Kingdom of Bosnia
97%
27 BCR____ EmpireRoman Empire
95%
1918Kingdom of Y_________Kingdom of Yugoslavia
94%
1945Y_________Yugoslavia
94%
1992B_____ and H__________Bosnia and Herzegovina
90%
1463O______ EmpireOttoman Empire
89%
1878A______-H______Austria-Hungary
74%
1943G______Germany
66%
553B________ EmpireByzantine Empire
59%
1154Kingdom of H______Kingdom of Hungary
57%
567Av__ KhaganateAvar Khaganate
43%
493Ostro______ KingdomOstrogothic Kingdom
41%

Score Distribution

Percentile by Number Answered

Percent of People with Each Score

Your Score History

You have not taken this quiz